| 000 | 00999cam a22002775a 4500 | ||
|---|---|---|---|
| 999 |
_c26870 _d26842 |
||
| 005 | 20181017111856.0 | ||
| 008 | 891011t1988 enk gr 001 ||eng | ||
| 020 | _a0900559675 | ||
| 040 |
_aUk _beng _cUk _dUk _dEG-ScBUE _dEG-ScBUE |
||
| 043 | _ae-uk--- | ||
| 082 | 0 | 4 |
_a374.941 _bFRA _222 |
| 100 | 1 | _aFraser, Lindsey. | |
| 245 | 1 | 0 |
_aEducation from everyday living : _ban assessment of community-based courses with unemployed people / _cby Lindsey Fraser and Kevin Ward. |
| 260 |
_aLeicester : _bNIACE for REPLAN, _cc.1988. |
||
| 300 |
_aiv, 141 p. ; _c20 cm. |
||
| 500 | _aIncludes Appendix. | ||
| 650 | 7 |
_aAdult education _zGreat Britain. _2BUEsh |
|
| 650 | 7 |
_aUnemployed _xEducation _zGreat Britain. _2BUEsh |
|
| 651 | _2BUEsh | ||
| 653 |
_bGGEN _cOctober2018 |
||
| 690 | 7 |
_aSocial Welfare _2blcoll |
|
| 700 | 1 |
_aWard, Kevin, _c(Writer on adult education) |
|
| 710 | 2 | _aNational Institute of Adult Continuing Education (England and Wales) | |
| 710 | 1 |
_aGreat Britain. _bReplan. |
|
| 942 | _2ddc | ||